|
|
|
|
| LEADER |
01064nam a2200289 a 4500 |
| 001 |
15376824 |
| 008 |
121030r20122008enkae 001 0 eng d |
| 999 |
|
|
|c 12932
|d 12932
|
| 010 |
|
|
|a 2008428399
|
| 020 |
|
|
|a 0470034807 (hbk.)
|
| 020 |
|
|
|a 9780470034804 (hbk.)
|
| 020 |
|
|
|a 0470034815 (pbk.)
|
| 020 |
|
|
|a 9780470034811 (pbk.)
|
| 040 |
|
|
|a UKM
|c UKM
|d BAKER
|d YDXCP
|d BWKUK
|d BWK
|d BWX
|d CDX
|d DLC
|d BD-DhAAL
|
| 082 |
0 |
4 |
|a 720.222
|2 22
|
| 100 |
1 |
|
|a Cook, Peter,
|d 1936-
|9 32448
|
| 245 |
1 |
0 |
|a Drawing :
|b the motive force of architecture /
|c Peter Cook.
|
| 260 |
|
|
|a Chichester [England] :
|b Wiley,
|c 2008.[Reprinted 2012]
|
| 300 |
|
|
|a 208 p. :
|b col. ill., plans ;
|c 23 cm.
|
| 490 |
0 |
|
|a AD primers
|
| 500 |
|
|
|a Includes index.
|
| 526 |
|
|
|a ARC
|
| 541 |
1 |
|
|e 00026186
|
| 650 |
|
0 |
|a Architectural drawing.
|9 32449
|
| 852 |
1 |
|
|a Ayesha Abed Librar
|j General shelf
|
| 942 |
|
|
|2 ddc
|c BK
|
| 952 |
|
|
|0 0
|1 0
|4 0
|6 720_222000000000000_COO
|7 0
|9 21360
|a BRACUL
|b BRACUL
|c GEN
|d 2012-10-30
|e Riza Enterprize
|g 3825.00
|l 12
|m 105
|o 720.222 COO
|p 3010026186
|r 2025-11-10
|s 2024-10-27
|t 1
|w 2012-10-30
|y BK
|